| 000 | 01679cam a22005054i 4500 | ||
|---|---|---|---|
| 003 | PE-LiUPU | ||
| 005 | 20250731165458.0 | ||
| 008 | 150623s r 000 0 d | ||
| 020 | _a0918986125 | ||
| 035 | _a(Sirsi) i9780918986122 | ||
| 040 |
_aPE-LiUPU _bspa _cPE-LiUPU _erda |
||
| 049 | _aPRUA | ||
| 082 | 0 | 4 |
_a492.1 _bA12 _221 |
| 245 | 0 | 4 |
_aThe assyrian dictionary : _bH _n6 / _cIgnace J. Gelb [y otros]. |
| 264 | 1 |
_aChicago : _bThe Oriental Institute, _c1995. |
|
| 300 |
_a206 páginas ; _c29 centímetros |
||
| 336 |
_atext _2rdacontent |
||
| 337 |
_aunmediated _2rdamedia |
||
| 338 |
_avolume _2rdacarrier |
||
| 505 | 0 | _aThe assirian dictionary: vol 6: H. | |
| 526 | _aSEG44 | ||
| 526 | _aSEG26 | ||
| 526 | _aP151 | ||
| 526 | _aP150 | ||
| 526 | _aP149 | ||
| 526 | _aP146 | ||
| 526 | _aP145 | ||
| 526 | _aP126 | ||
| 526 | _aP125 | ||
| 526 | _aP92 | ||
| 526 | _aP75 | ||
| 526 | _aP74 | ||
| 526 | _aP27 | ||
| 526 | _aP15 | ||
| 650 | 1 | 4 |
_aLengua acadia _vDiccionarios _xInglés. |
| 700 | 1 |
_aGelb, Ignace J., _eed. |
|
| 700 | 1 |
_aLandsberger, Benno, _eed. |
|
| 700 | 1 |
_aOppenheim, A. Leo, _eed. |
|
| 942 |
_2ddc _cBOOK |
||
| 949 |
_aRC 492.1 A12 6 _wDEWEY _c1 _i45390 _lCCODEBUL1 _mBUL _r0 _sY _tBOOK _u2015-6-24 _xTEOLOGIA _PP35 _0COMPRA _o.CIRCNOTE. No olvidar cambiar la fecha de devolución!!!!!!! _o.STAFF. Colección General |
||
| 994 |
_aC0 _bPEPRU |
||
| 596 | _a1 | ||
| 999 |
_aRC 492.1 A12 6 _wDEWEY _c22254 _i45390 _f2021-11-8 _g5 _lCCODEBUL1 _mBUL _r1 _sY _tBOOK _u2015-6-24 _xTEOLOGIA _PP35 _0COMPRA _o.CIRCNOTE. No olvidar cambiar la fecha de devolución!!!!!!! _o.STAFF. Colección General _d22254 |
||
| 980 |
_81 _gALBERTO SANCHEZ Responsable de Automatización |
||